The European Social Model and Transitional Labour Markets : (Record no. 619777)

MARC details
000 -LEADER
fixed length control field 00531nam a2200193 a 4500
008 - FIXED-LENGTH DATA ELEMENTS--GENERAL INFORMATION
fixed length control field 260424s2008##################000#0#eng##
020 ## - INTERNATIONAL STANDARD BOOK NUMBER
ISBN 9780754649588
082 04 - DEWEY DECIMAL CLASSIFICATION NUMBER
Classification number 344.401
Item number ROG
100 1# - MAIN ENTRY--AUTHOR NAME
Personal name Rogowski, Ralf,
245 10 - TITLE STATEMENT
Title The European Social Model and Transitional Labour Markets :
260 ## - PUBLICATION, DISTRIBUTION, ETC. (IMPRINT)
Name of publisher Ashgate Publishing, Ltd.,
Year of publication 2008.
300 ## - PHYSICAL DESCRIPTION
Number of Pages 378 pages
650 #0 - SUBJECT ADDED ENTRY--TOPICAL TERM
Topical Term Law.
942 ## - ADDED ENTRY ELEMENTS (KOHA)
Koha item type English Books
Holdings
Withdrawn status Lost status Damaged status Not for loan Home library Current library Date acquired Full call number Accession Number Price effective from Koha item type
        Anna Centenary Library Anna Centenary Library 24.04.2026 344.401 ROG 373268 24.04.2026 English Books

Find us on the map